Представление документа в формате RUSMARC

ПолеНазваниеЗначение
  Тип записи a
  Библиографический уровень a
001 Контрольный номер RU/CBS_UL/BASE/dfd6111c9ea643c2ac9fe8a9b9fd0079
005 Дата корректировки 20230130143708.6
100 Данные общей обработки __
a Данные общей обработки 20230130 ||| 0rusy0189 ca
101 Язык документа 0_
a Язык текста rus
102 Страна публикации __
a Страна публикации RU
200 Заглавие и сведения об ответственности 1_
a Заглавие Игры-упражнения для детей с низким уровнем двигательной активности на развитие быстроты движений
f Первые сведения об ответственности Е. В. Хохлова
300 Общие примечания __
a Общие примечания 0+
461 Уровень набора _0
1 2000
a Дошкольная педагогика
463 Уровень физической единицы _0
1 2000
a № 8
v С. 23-24
1 2101
d 2022
1 001RU/CBS_UL/BASE/0dacfbf2049643bebbcffd208ec3bfa4
606 Тематические рубрики 0_
a Основная рубрика Индивидуальные особенности личности дошкольника, их учёт в воспитании
610 Ключевые слова 0_
a Ключевые слова игры-упражнения
610 Ключевые слова 0_
a Ключевые слова физическое развитие дошкольников
610 Ключевые слова 0_
a Ключевые слова дошкольники
610 Ключевые слова 0_
a Ключевые слова здоровье дошкольников
686 Индексы других классификаций __
a Классификационный индекс 74.100
2 Код системы ББК
700 Автор _1
a Фамилия Хохлова
b Имя (инициалы) Е. В.
801 Источник записи _0
a Страна RU
b Организация МБУК ЦБС г. Ульяновска
c Дата составления 20230130
g Правила каталогизации RCR
801 Источник записи _1
a Страна RU
b Организация МБУК ЦБС г. Ульяновска
c Дата составления 20230130
g Правила каталогизации RCR
901 Тип документа __
t Тип документа b
w Контрольный № источника RU/CBS_UL/BASE/0dacfbf2049643bebbcffd208ec3bfa4